Groups of Animals - Statistics

General Stats
  • This quiz has been taken 127 times
  • The average score is 11 of 45
Answer Stats
Hint Answer % Correct
Murder Crows
87%
Gaggle Geese
72%
Parliament Owls
64%
Army Ants
60%
Tuxedo Penguins
52%
Tower Giraffes
43%
Unkindness Ravens
42%
Ambush Tigers
40%
Caravan Camels
39%
Memory Elephants
39%
Barrel Monkeys
37%
Prickle Porcupines
36%
Sleuth Bears
33%
Shiver Sharks
30%
Zeal Zebras
30%
Convocation Eagles
28%
Cackle Hyenas
28%
Mob Kangaroos
28%
Flamboyance Flamingoes
24%
Band Gorillas
22%
Kaleidoscope Butterflies
21%
Leap Leopards
21%
Raft Otters
21%
Scurry Squirrels
21%
Business Ferrets
19%
Skulk Foxes
19%
Shrewdness Apes
16%
Kindle Kittens
16%
Wake Vultures
16%
Charm Hummingbirds
15%
Pandemonium Parrots
15%
Run Salmon
12%
Wisdom Wombats
10%
Covey Quail
9%
Walk Snails
9%
Quiver Cobras
7%
Murmuration Starlings
7%
Coterie Prairie Dogs
6%
Fever Stingrays
6%
Hover Trout
6%
Battery Barracudas
4%
Muster Storks
4%
Stubbornness Rhinoceroses
3%
Scold Jays
1%
Scourge Mosquitoes
1%
No matching quizzes found
Score Distribution
Percent of People with Each Score
Percentile by Number Answered
Your Score History
You have not taken this quiz